| 000 | 00445caa a22001932a 4500 | ||
|---|---|---|---|
| 001 | 001616 | ||
| 003 | AR-FADEU | ||
| 008 | 311216n############xxu####################dd | ||
| 092 | _aPP(320)FOR | ||
| 100 | _aCastagno, Antonio | ||
| 245 | _bLa ética pública y el juicio de residencia | ||
| 245 | _aForo político | ||
| 300 | _a41-48 | ||
| 440 | _v | ||
| 440 | _n19 | ||
| 260 | _cabr. 1997 | ||
| 650 | _aETICA PUBLICA | ||
| 942 | _cPPGR | ||
| 999 |
_c4394 _d4394 |
||